000 00342 a2200157 4500
001 59804
020 _a9783794180615
040 _cAnchieta - Pituba
100 _aHesse, Andreas D.
240 1 0 _aSchattensturm
_lpor
245 1 0 _aSchattensturm
300 _a472
362 0 _a2008
650 4 _aLiteratura juvenil em alemão
942 _cBK
999 _c59804
_d59804